HBR (Record no. 81794)
[ view plain ]
| 000 -LEADER | |
|---|---|
| fixed length control field | 00934cab a22002055a 4500 |
| 001 - CONTROL NUMBER | |
| control field | L148331 |
| 008 - FIXED-LENGTH DATA ELEMENTS--GENERAL INFORMATION | |
| fixed length control field | 090904s2009 xxk 000 0 eng d |
| 035 ## - SYSTEM CONTROL NUMBER | |
| System control number | (Sirsi) u148331 |
| 041 0# - LANGUAGE CODE | |
| Language code of text/sound track or separate title | eng |
| 100 1# - MAIN ENTRY--PERSONAL NAME | |
| Personal name | Parnham, Phil |
| 245 00 - TITLE STATEMENT | |
| Title | HBR |
| Remainder of title | all you need to know |
| 260 ## - PUBLICATION, DISTRIBUTION, ETC. | |
| Date of publication, distribution, etc. | 2009 |
| 490 ## - SERIES STATEMENT | |
| Series statement | Residential Property Journal |
| Volume/sequential designation | July-August 2009, 12-15(3) |
| 520 ## - SUMMARY, ETC. | |
| Summary, etc. | Elemental condition reports and health and safety hazards are examined in some depth in the context of the Homebuyer Report 2009 (HBR) launched in July 2009. Outlines the differences in how these concepts are covered in teh HBR and Homebuyer service and Valuation (HSV) which is being withdrawn in December 2009. Advises RICS members how to join HBR copyright licence scheme. |
| 590 ## - LOCAL NOTE (RLIN) | |
| Local note | KA |
| 650 24 - SUBJECT ADDED ENTRY--TOPICAL TERM | |
| Topical term or geographic name entry element | HOMEBUYERS REPORT |
| 651 #4 - SUBJECT ADDED ENTRY--GEOGRAPHIC NAME | |
| Geographic name | United Kingdom |
| Chronological subdivision | |
| 690 ## - LOCAL SUBJECT ADDED ENTRY--TOPICAL TERM (OCLC, RLIN) | |
| Topical term or geographic name as entry element | PROPERTY-RESIDENTIAL PROPERTY-RESIDENTIAL PROPERTY APPRAISAL AND VALUATION |
| 942 ## - ADDED ENTRY ELEMENTS (KOHA) | |
| Suppress in OPAC | 0 |
| Withdrawn status | Lost status | Source of classification or shelving scheme | Damaged status | Not for loan | Home library | Current library | Shelving location | Date acquired | Total Checkouts | Full call number | Barcode | Date last seen | Copy number | Price effective from | Koha item type |
|---|---|---|---|---|---|---|---|---|---|---|---|---|---|---|---|
| Dewey Decimal Classification | London | London | Journal article | 04/09/2009 | L148331 | 148331-1001 | 06/08/2019 | 1 | 06/08/2019 | Journal article |